000
00374nam a2200169Ia 4500
003
IT-RoPAU
008
120407s9999 xx 000 0 und d
040
_a
IT-RoPAU
040
_c
IT-RoPAU
100
_a
Rene Girard
245
_a
Des Choses cachées depuis la fondation du monde
250
_a
Paris
260
_a
Grasset
300
_c
cm
490
_v
1
942
_c
BK
999
_c
6541
_d
6541